Normal view
MARC view
- Gardner, Wilford R.,
Entry Personal Name
001 - CONTROL NUMBER
- control field: 3095
003 - CONTROL NUMBER IDENTIFIER
- control field: OSt
005 - DATE AND TIME OF LATEST TRANSACTION
- control field: 20180521152339.0
008 - FIXED-LENGTH DATA ELEMENTS
- fixed length control field: 180521|| aca||aabn | a|a d
040 ## - CATALOGING SOURCE
- Original cataloging agency: OSt
- Transcribing agency: OSt
100 ## - HEADING--PERSONAL NAME
- Personal name: Gardner, Wilford R.,
670 ## - SOURCE DATA FOUND
- Source citation: Work cat.: (OSt)15413: Baver, Leonard David, 3092, Soil physics, [1972]
